|
|
|
|
| LEADER |
00000nam2a2200000 4500 |
| 001 |
281873 |
| 005 |
20231101235438.0 |
| 035 |
|
|
|a (RuTPU)RU\TPU\book\305724
|
| 035 |
|
|
|a RU\TPU\book\304946
|
| 090 |
|
|
|a 281873
|
| 100 |
|
|
|a 20150127d1984 k y0rusy50 ca
|
| 101 |
0 |
|
|a rus
|
| 102 |
|
|
|a RU
|
| 105 |
|
|
|a a z 001zy
|
| 200 |
0 |
|
|a Т. 16
|f под ред. Н. А. Соболева
|
| 210 |
|
|
|d 1984
|
| 215 |
|
|
|a 259 с.
|c ил.
|
| 320 |
|
|
|a Библиография в конце обзоров
|
| 461 |
|
1 |
|0 (RuTPU)RU\TPU\book\164609
|t Электроника
|f Академия наук СССР (АН СССР), Всесоюзный институт научной и технической информации (ВИНИТИ)
|v Т. 16
|d 1966-1991
|s Электроника
|
| 606 |
1 |
|
|a Электроника
|2 stltpush
|3 (RuTPU)RU\TPU\subj\20310
|9 45419
|
| 610 |
1 |
|
|a микроэлектронные приборы
|
| 610 |
1 |
|
|a микропроцессорное управление
|
| 610 |
1 |
|
|a производство
|
| 610 |
1 |
|
|a технологические процессы
|
| 610 |
1 |
|
|a видеотерминалы
|
| 610 |
1 |
|
|a дискретные индикаторы
|
| 610 |
1 |
|
|a тонкие пленки
|
| 610 |
1 |
|
|a нанесение
|
| 610 |
1 |
|
|a кремний
|
| 610 |
1 |
|
|a арсенид галлия
|
| 675 |
|
|
|a 621.38
|v 4
|
| 702 |
|
1 |
|a Соболев
|b Н. А.
|4 340
|
| 801 |
|
1 |
|a RU
|b 63413507
|c 20081024
|g PSBO
|
| 801 |
|
2 |
|a RU
|b 63413507
|c 20170623
|g PSBO
|
| 942 |
|
|
|c BK
|